000
00284nam a2200109Ia 4500
008
220204s9999 xx 000 0 und d
082
_a
159.9
_b
SMI
100
_a
Smith, Lendon H
245
0
_a
Improving your child's behaviour chemistry
260
_a
New York
_b
Pocket
_c
1976
942
_c
BK
999
_c
32162
_d
32162